| 000 | 00513nam a2200181 a 4500 | ||
|---|---|---|---|
| 001 | 000043178 | ||
| 005 | 20201002040710.0 | ||
| 008 | 140221s1993 sp ac 000 0 spa d | ||
| 020 | _a8488370059 | ||
| 040 |
_aDO-SdBNP _bspa _cBNPHU |
||
| 082 |
_axxx _bxxx |
||
| 100 | 1 |
_aTébar, Juan, _d1941- _970766 |
|
| 245 | 1 | 4 |
_aLas cosas que hemos visto / _cJuan Tébar. |
| 260 |
_aMadrid : _bNikel Odeon, _c1993. |
||
| 300 |
_aXXII, 113 p. : _bil. ; _c22 cm. |
||
| 490 | 1 |
_aNikel Odeon _v5 |
|
| 830 | 0 |
_aNikel Odeon ; _n5 _970767 |
|
| 999 |
_c42667 _d42667 |
||